| Tag |
First Indicator |
Second Indicator |
Subfields |
| LEADER |
00000cam a2200000 4500 |
| 001 |
in00000540821 |
| 005 |
20151013172444.0 |
| 008 |
730822s1966 enka b 10010 engm |
| 010 |
|
|
|a 67075026
|
| 015 |
|
|
|a B67-1984
|
| 035 |
|
|
|a (OCoLC)00681332
|
| 035 |
|
|
|9 ACH3014AM
|
| 040 |
|
|
|a DLC
|c MIA
|d m.c.
|d CHS
|d SER
|d TXA
|d UtOrBLW
|
| 049 |
|
|
|a TXAM
|c [471807]
|
| 050 |
0 |
0 |
|a R895.A1
|b I49
|
| 082 |
0 |
|
|a 610/.1/53
|
| 096 |
|
|
|a QT 34 I61a 1965
|
| 111 |
2 |
|
|a International Conference on Medical Physics
|n (1st :
|d 1965 :
|c Harrogate, Eng.)
|
| 245 |
1 |
0 |
|a Aspects of medical physics :
|b review papers presented at the First International Conference on Medical Physics, Harrogate, U.K., September 1965 /
|c edited by J. Rotblat.
|
| 264 |
|
1 |
|a London :
|b Taylor & Francis,
|c 1966.
|
| 300 |
|
|
|a viii, 188 pages :
|b illustrations, table, diagrams ;
|c 27 cm.
|
| 336 |
|
|
|a text
|b txt
|2 rdacontent
|
| 337 |
|
|
|a unmediated
|b n
|2 rdamedia
|
| 338 |
|
|
|a volume
|b nc
|2 rdacarrier
|
| 500 |
|
|
|a Sponsored by the International Organization of Medical Physics.
|
| 504 |
|
|
|a Includes bibliographies.
|
| 650 |
|
0 |
|a Medical physics.
|
| 650 |
|
0 |
|a Biophysics.
|
| 700 |
1 |
|
|a Rotblat, Joseph,
|d 1908-2005.
|
| 710 |
2 |
|
|a International Organization of Medical Physics.
|
| 999 |
|
|
|a MARS
|
| 999 |
f |
f |
|s 821c15a6-4059-30ff-ab1b-e6f85e4e095b
|i 4262ed5d-9d1b-3d76-adf6-7bbb94c8b679
|t 0
|
| 952 |
f |
f |
|p ric
|a Texas A&M University
|b Rellis Campus
|c Joint Library Facility
|d Remote Storage
|t 0
|e R895.A1 I49
|h Library of Congress classification
|i unmediated -- volume
|m A14808789142
|
| 998 |
f |
f |
|a R895.A1 I49
|t 0
|l Remote Storage
|